000 00442nam a2200181Ia 4500
005 20240823051940.0
008 240823s9999||||xx |||||||||||||| ||und||
020 _a978-81-8371-433-4
041 _aENGLISH
082 _A624.171 Q2
100 _aKannan J et al.
245 0 _aStructural Analysis
250 _a1st
260 _c2012
_b"Scitech Publications,Ch"
500 _aYES
650 _aStructural Analysis
_bCivil
942 _cBK
999 _c220736
_d220736